| 000 | 00680nam a22002057a 4500 | ||
|---|---|---|---|
| 005 | 20180711165848.0 | ||
| 010 | _aENG-123448 | ||
| 020 |
_c250.00 _a9780199467609 |
||
| 035 | _aEN-106980 | ||
| 037 | _bDBAD/PUB. | ||
| 082 | _a891.409 | ||
| 245 |
_aListen to the flames: _ced. by Tapan Basu; Indranil Acharya [and] A. Mangai _btexts and reading from the margins / |
||
| 260 |
_aNew Delhi _bOxford University Press _c2016 |
||
| 270 |
_a2/11, Ground Floor, Ansari Road, Daryaganj, _bNew Delhi _e110002 |
||
| 300 |
_axxiv,160p. _c21cm(pbk) |
||
| 700 | _aBasu, Tapan | ||
| 700 | _a Acharya,Indranil | ||
| 700 | _aMangai A. | ||
| 942 |
_2ddc _cEN _h891.409 _mLIS |
||
| 999 |
_c153855 _d153855 |
||